|
|
|
|
| LEADER |
01558nam a2200289 a 4500 |
| 001 |
GR-Patra37742 |
| 008 |
130516s2013 gr g b 001 b gre d |
| 020 |
|
|
|a 9789607875730
|
| 082 |
|
0 |
|a 610.73072
|2 23
|
| 100 |
1 |
|
|a Nieswiadomy, Rose Marie
|
| 245 |
1 |
0 |
|a Νοσηλευτική έρευνα =
|b Foundations of nursing research : Βασικές αρχές /
|c Rose Marie Nieswiadomy ; Επιμέλεια Κυρίτση Ελένη, Ευαγγέλου Ελένη.
|
| 250 |
|
|
|a 6η έκδ.
|
| 260 |
|
|
|a Αθήνα :
|b Ιατρικές εκδόσεις Λαγός Δημήτριος,
|c c2013
|
| 300 |
|
|
|a 420 σ. :
|b εικ.
|
| 504 |
|
|
|a Περιλαμβάνει βιβλιογραφικές παραπομπές και ευρετήριο.
|
| 650 |
|
0 |
|a Nursing
|x research
|
| 650 |
|
0 |
|a Research
|x Methodology
|
| 650 |
|
4 |
|a Έρευνα
|x Μεθοδολογία
|
| 650 |
|
4 |
|a Νοσηλευτική έρευνα
|
| 700 |
1 |
|
|a Ευαγγέλου, Ελένη
|
| 700 |
1 |
|
|a Κυρίτση, Ελένη
|
| 710 |
0 |
|
|a Ιατρικές Εκδόσεις Λαγός Δημήτριος
|
| 942 |
|
|
|2 ddc
|
| 952 |
|
|
|0 0
|1 0
|2 ddc
|4 0
|6 610_730720000000000_NIE
|7 0
|9 317560
|a LISK
|b LISK
|c BSC
|d 2021-01-17
|e 24
|f 2
|g 0.00
|l 0
|o 610.73072 NIE
|p 92410060397
|r 2021-01-17 00:00:00
|t 1
|w 2021-01-17
|y BK15
|x 20150311 0 1
|x GrPaTEI
|
| 952 |
|
|
|0 0
|1 0
|2 ddc
|4 0
|6 610_730720000000000_NIE
|7 1
|9 317561
|a LISK
|b LISK
|c BSC
|d 2021-01-17
|e 24
|f 0
|g 0.00
|l 0
|o 610.73072 NIE
|p 92410060398
|r 2021-01-17 00:00:00
|t 1
|w 2021-01-17
|y BKN
|x 20150311 0 0
|x GrPaTEI
|
| 971 |
|
|
|a .b26853139
|b 08-10-20
|c 27-09-16
|
| 999 |
|
|
|c 180703
|d 180703
|